000 01091nam a22002537a 4500
005 20160719121412.0
008 160719t2010 -cna||||r|||| 00| 0 eng d
020 _a922252046
040 _aCO-BoIAVH
_cCO-BoIAVH
041 0 _aeng
044 _acn
082 0 4 _a333.9516
_bP49a
245 0 0 _aPets, aquarium, and terrarium species :
_bBest practices for addressing risks to biodiversity /
_cSecretariat of the Convention on Biological Diversity
260 _aMontreal, Canadá :
_bSecretariat of the Convention on Biological Diversity,
_cc2010.
300 _a43 páginas :
_bilustraciones a color ;
_c28 x 21 cm.
490 0 _aCBD Technical Series ;
_v48
504 _aIncluye referencias bibliográficas.
650 2 6 _aBiodiversidad
_xRiesgo
_xbuenas prácticas
650 2 6 _aAnimales de compañía
_xRiesgo
_xbuenas prácticas
650 2 4 _aEspecies acuáticas
_xRiesgo
_xbuenas prácticas
650 2 4 _aEspecies terrestres
_xRiesgo
_xbuenas prácticas
710 2 _a Secretariat of the Convention on Biological Diversity.
942 _2ddc
_cLIBRO
999 _c18879
_d18879